Statistiques concernant Pays les plus proches de la Corée du Nord

Cliquez ici pour prendre le quiz!

Statistiques générales

  • Ce quiz a été pris 4,449 fois
  • Le résultat moyen est 15 sur 20

Statistiques - réponses

km pays % Correct
0Corée du Sud
100%
0Chine
99%
418Japon
99%
0Russie
96%
768Mongolie
91%
2440Viêt Nam
89%
2849Inde
89%
2766Laos
86%
3014Thaïlande
84%
3203Cambodge
81%
1439Taïwan
80%
1941Philippines
77%
2731Myanmar
74%
3492Malaisie
68%
3135Etats-Unis
65%
3357Bangladesh
63%
3357Bhoutan
63%
3092Kazakhstan
53%
3355Micronésie
23%
3425Palaos
19%

Distribution des résultats

Percentile by Number Answered

% des personnes avec chaque résultat

Votre développement - résultats

Vous n’avez pas pris ce quiz